000
00271nam a22001097a 4500
082
_a
621.381 CAG'T
100
_a
CAGE, JOHN M
_9
57520
245
_a
THEORY AND APPLICATION OF INDUSTRIAL ELECTRONICS
260
_a
NEWYORK
_b
MCGRAW HILL
_c
1951
300
_a
290P
942
_c
BK
999
_c
567797
_d
567797